000 00288nam a2200109Ia 4500
008 220204s9999 xx 000 0 und d
082 _a338.43:631.117
_bRAY
100 _aRAY, Susanta K
245 0 _aPolicy planning for agricultural development
260 _aDelhi
_bTMH
_c1979
942 _cBK
999 _c32821
_d32821